000 00738nam a2200253 i 4500
003 IT-RoINE
005 20191203085958.0
008 071018s2006 sp | r ||| ||spa d
020 _a9788498400083
020 _a8498400082
040 _aSpMaBN
_cSpMaBN IT-RoINE
_dIT-RoINE
100 1 _aSayés, José Antonio,
_d1944-
_92829
245 1 0 _aEscatología /
_cJosé Antonio Sayés.
260 _aMadrid :
_bPalabra,
_c[2006]
300 _a203 p. ;
_c24 cm.
336 _2rdacontent
_atext
337 _2rdamedia
_aunmediated
338 _2rdacarrier
_avolume
490 1 _aPelícano
504 _aIncluye referencias bibliográficas en nota.
650 4 _91767
_aEscatología
830 0 _aPelícano (Palabra)
_93763
942 _cMTS
999 _c29122
_d29122